000 00568nam a2200217 a 4500
001 20086
003 CO-ViMGA
008 141112s2004 ck r 000 u spa d
020 _a9681906616
040 _aCO-ViMGA
_bspa
_cCO-ViMGA
082 0 4 _aUNGh
100 1 _aUngerer, Tomi
_92818
245 1 0 _aEl hombre de la luna
260 _aMadrid :
_bAlfaguara,
_c2000
300 _a30 p. il.
490 0 _aAlfaguara infantil
500 _adesde 6 años.
590 _aForma de adquisición : Premio Mincultura
650 1 4 _aCUENTOS INFANTILES
_92743
942 _2ddc
_cBK
999 _c9762
_d9762